000 00408nam a2200145 a 4500
001 51741
005 20180714041315.0
008 140415s1970 000 0 spa d
041 _aspa
082 _a307
_bMES
245 0 0 _aMESA REDONDA SOBRE EL PROBLEMA DE LA VIVIENDA EN LAS ...
260 _a[s.l.] :
_bLITOGRAFIA,
_c1970
300 _a404
650 1 4 _aURBANIZACION
_xVIVIENDA
_xENCUESTAS
999 _c51741
_d51741